00574nam a2200169 a 450000100100000000500170001000800410002702000180006804000250008610000360011124501200014726000300026730000200029750400270031770000250034470000350036900004080920201002034409.0130906s20uu sp 000 0 spa d a9788469528044 aDO-SdBNPbspacBNPHU1 aBonilla Fenández, Eva María14aLos peligros de la obesidad /cEva María Bonilla Fernández, Carmen Aguilar Cobo, Ana María López Jiménez. a[Madrid] :bs.n.,c200?]. a56 p. ;c22 cm. aBibliografía : p. 561 aAguilar Cobo, Carmen1 aLópez Jiménez, Ana María